UM Logo

"Digos City National High School (DiCNHS) Online Lesson Planning"/ (Record no. 14890)

MARC details
000 -LEADER
fixed length control field 00646nam a22001697a 4500
008 - FIXED-LENGTH DATA ELEMENTS--GENERAL INFORMATION
fixed length control field 200130b ||||| |||| 00| 0 eng d
082 ## - DEWEY DECIMAL CLASSIFICATION NUMBER
Edition number 2014
Classification number UT 1426
Item number D37
100 ## - MAIN ENTRY--PERSONAL NAME
Personal name Dela Calzada, Charlyn
9 (RLIN) 41362
245 ## - TITLE STATEMENT
Title "Digos City National High School (DiCNHS) Online Lesson Planning"/
Statement of responsibility, etc. Charlyn Dela Calzada, Ervin Bong Tagitis & Girlie Bonbon
260 ## - PUBLICATION, DISTRIBUTION, ETC. (IMPRINT)
Place of publication, distribution, etc. Digos City
Name of publisher, distributor, etc. UMDC
Date of publication, distribution, etc. March 2014
300 ## - PHYSICAL DESCRIPTION
Extent 32 pages
Dimensions 30 cm
650 ## - SUBJECT ADDED ENTRY--TOPICAL TERM
Topical term or geographic name as entry element Technical Education
Form subdivision Information Technology
General subdivision Undergraduate Thesis
9 (RLIN) 41335
700 ## - ADDED ENTRY--PERSONAL NAME
Personal name Dela Calzada, Charlyn
9 (RLIN) 41363
700 ## - ADDED ENTRY--PERSONAL NAME
Personal name Tagitis,Ervin Bong
9 (RLIN) 41364
700 ## - ADDED ENTRY--PERSONAL NAME
Personal name Bonbon,Girlie
9 (RLIN) 41365
942 ## - ADDED ENTRY ELEMENTS (KOHA)
Source of classification or shelving scheme Dewey Decimal Classification
Koha item type Undergraduate Thesis
Holdings
Withdrawn status Lost status Source of classification or shelving scheme Damaged status Not for loan Collection code Home library Current library Date acquired Total Checkouts Full call number Barcode Date last seen Price effective from Koha item type
    Dewey Decimal Classification     Undergraduate Theses UM Digos College - LIC UM Digos College - LIC 01/22/2020   UT 1426 D37 2014 UT 1426 01/30/2020 01/29/2020 Undergraduate Thesis